Bảo vệ các hệ thống điện /

Shranjeno v:
Bibliografske podrobnosti
Glavni avtor: Trần Đình Long
Format: Sách giấy
Jezik:Vietnamese
Izdano: Hà Nội : Khoa học và Kỹ thuật , 2000
Oznake: Označite
Brez oznak, prvi označite!
Thư viện lưu trữ: Thư viện Trường Đại học Đà Lạt
LEADER 00580nam a2200241 4500
001 DLU020017885
005 ##5/4/2001
020 # # |a 978- 
041 # # |a vie 
082 # # |a 621.319  |b TR-L 
100 # # |a Trần Đình Long 
245 # # |a Bảo vệ các hệ thống điện /  |c Trần Đình Long 
260 # # |a Hà Nội :  |b Khoa học và Kỹ thuật ,  |c 2000 
300 # # |a 426 tr.;   |c 24 cm. 
992 # # |a 41000 
994 # # |a DLU 
900 # # |a False 
911 # # |a Administrator 
925 # # |a G 
926 # # |a A 
927 # # |a SH 
980 # # |a Thư viện Trường Đại học Đà Lạt